Terremoto/ (Record no. 3783)

MARC details
000 -LEADER
campo de control de longitud fija 01466nam a22003977a 4500
003 - IDENTIFICADOR DE NÚMERO DE CONTROL
campo de control OSt
005 - FECHA Y HORA DE LA ÚLTIMA TRANSACCIÓN
campo de control 20230531153704.0
008 - DATOS DE LONGITUD FIJA--INFORMACIÓN GENERAL
campo de control de longitud fija 221006b |||||||| |||| 00| 0 eng d
040 ## - FUENTE DE CATALOGACIÓN
Centro/agencia transcriptor Biblioteca Lado V
082 ## - NÚMERO DE LA CLASIFICACIÓN DECIMAL DEWEY
Número de clasificación 709.05
Número de ítem V152t
100 ## - ENTRADA PRINCIPAL--NOMBRE DE PERSONA
9 (RLIN) 840
Nombre de persona Valencia, Natalia
Término indicativo de función/relación editora
245 ## - MENCIÓN DEL TÍTULO
Título Terremoto/
Resto del título Fayuquerxs/
260 ## - PUBLICACIÓN, DISTRIBUCIÓN, ETC.
Lugar de publicación, distribución, etc. Mexico
Nombre del editor, distribuidor, etc. Museo Jumex
Fecha de publicación, distribución, etc. 2017
300 ## - DESCRIPCIÓN FÍSICA
Dimensiones 22x34cm
Extensión 104p.
366 ## - INFORMACIÓN SOBRE DISPONIBILIDAD COMERCIAL
Nota eng
366 ## - INFORMACIÓN SOBRE DISPONIBILIDAD COMERCIAL
Nota spa
490 ## - MENCIÓN DE SERIE
Mención de serie 10
Designación de volumen o secuencia 2017
505 ## - NOTA DE CONTENIDO CON FORMATO
Nota de contenido con formato Derribo de monumentos y representación histórica
505 ## - NOTA DE CONTENIDO CON FORMATO
Nota de contenido con formato Performatividades Callejeras
505 ## - NOTA DE CONTENIDO CON FORMATO
Nota de contenido con formato Para las duras y otros cuerpos efímeros
505 ## - NOTA DE CONTENIDO CON FORMATO
Nota de contenido con formato Somos perros enamorados de nuestro propio vomito
505 ## - NOTA DE CONTENIDO CON FORMATO
Nota de contenido con formato Tradicion tropical tradicion traduccion tropical
505 ## - NOTA DE CONTENIDO CON FORMATO
Nota de contenido con formato Buscando entre IN SEARCH BETWEEN
505 ## - NOTA DE CONTENIDO CON FORMATO
Nota de contenido con formato Oscuridad detras del arte
505 ## - NOTA DE CONTENIDO CON FORMATO
Nota de contenido con formato Cambiando Limites
505 ## - NOTA DE CONTENIDO CON FORMATO
Nota de contenido con formato Sobrevivir a través del contrabando
505 ## - NOTA DE CONTENIDO CON FORMATO
Nota de contenido con formato Casas, mansiones y pirámides
505 ## - NOTA DE CONTENIDO CON FORMATO
Nota de contenido con formato Nacionalizacion de dos TVs Samsung
505 ## - NOTA DE CONTENIDO CON FORMATO
Nota de contenido con formato El resultado imprevisible de la exposición mutua
650 ## - PUNTO DE ACCESO ADICIONAL DE MATERIA--TÉRMINO DE MATERIA
Fuente del encabezamiento o término Tesauro de Arte & Arquitectura
Término de materia o nombre geográfico como elemento de entrada ARTE
9 (RLIN) 703
650 ## - PUNTO DE ACCESO ADICIONAL DE MATERIA--TÉRMINO DE MATERIA
Fuente del encabezamiento o término Tesauro de Arte & Arquitectura
Término de materia o nombre geográfico como elemento de entrada EXPOSICIONES
9 (RLIN) 702
650 ## - PUNTO DE ACCESO ADICIONAL DE MATERIA--TÉRMINO DE MATERIA
Fuente del encabezamiento o término Tesauro de Arte & Arquitectura
Término de materia o nombre geográfico como elemento de entrada ARTE CONTEMPORANEO
9 (RLIN) 702
650 ## - PUNTO DE ACCESO ADICIONAL DE MATERIA--TÉRMINO DE MATERIA
Fuente del encabezamiento o término Tesauro de Arte & Arquitectura
Término de materia o nombre geográfico como elemento de entrada ARTE AMERICANO
650 ## - PUNTO DE ACCESO ADICIONAL DE MATERIA--TÉRMINO DE MATERIA
Fuente del encabezamiento o término Tesauro de Arte & Arquitectura
Término de materia o nombre geográfico como elemento de entrada INGLES
942 ## - ELEMENTOS DE ENTRADA SECUNDARIOS (KOHA)
Fuente del sistema de clasificación o colocación Clasificación Decimal Dewey
Tipo de ítem Koha Libros
Parte de la signatura que corresponde a la clasificación (Parte de la clasificación) 709.05
Parte de la signatura que identifica el ejemplar (Parte del ítem) V152t
Suprimir en OPAC No
Holdings
Estatus retirado Estado de pérdida Fuente del sistema de clasificación o colocación Especificación de materiales (volumen encuadernado u otra parte) Estado de daño No para préstamo Colección Biblioteca de origen Biblioteca actual Fecha de adquisición Enumeración/cronología de publicación seriada Número de inventario Total de préstamos Signatura topográfica completa Código de barras Visto por última vez Precio de reemplazo Tipo de ítem Koha
    Clasificación Decimal Dewey 2017     Revistas Biblioteca LadoV Biblioteca LadoV 31/05/2023 10 002843   709.05 V152t 002843 31/05/2023 31/05/2023 Libros
    Clasificación Decimal Dewey 2017     Revistas Biblioteca LadoV Biblioteca LadoV 31/05/2023 10 002844   709.05 V152t 002844 31/05/2023 31/05/2023 Libros